Historia de los hechos económicos contemporáneos

Saved in:
Bibliographic Details
Main Author: Niveau, Maurice (autor)
Format: Book
Language:Spanish
Published: Barcelona Ariel 1974
Edition:4a. ed
Subjects:
Tags: Add Tag
No Tags, Be the first to tag this record!

MARC

LEADER 00000nam a2200000 a 4500
001 UCT3705
003 CL-VaPUC
008 961024e19740000SP |||||||||||||||||spa|d
082 0 4 |a 330.9  |b NIV  |2 21 
100 |a Niveau, Maurice  |e autor  |9 372689 
245 1 0 |a Historia de los hechos económicos contemporáneos 
250 |a 4a. ed 
300 |a 464 p 
942 |c BK 
945 |d 19961024 00:00:00  |a nastorga 
260 |a Barcelona  |b Ariel  |c 1974 
650 0 |a Economía   |9 255568 
650 0 |a Historia  |9 255047 
650 0 |a Capitalismo  |9 255255 
650 0 |a Industrialización  |9 263687 
650 0 |a Segunda Guerra Mundial  |9 325982 
650 7 |a DESARROLLO AGRICOLA  |2 CL-VaPUC  |9 259759 
650 0 |a Demografía   |9 260008 
650 7 |a INVENTOS  |2 CL-VaPUC  |9 266077 
650 7 |a INDUSTRIA  |2 CL-VaPUC  |9 315110 
650 0 |a Feudalismo  |9 313469 
650 7 |a OBREROS  |2 CL-VaPUC  |9 358117 
650 0 |a Trabajo  |9 313876 
650 0 |a Sindicatos  |9 255034 
650 0 |a Inflación   |9 257218 
650 7 |a SISTEMAS MONETARIOS  |2 CL-VaPUC  |9 342366 
650 0 |a Crecimiento económico   |9 314037 
650 0 |a Acuerdos  |9 367387 
650 0 |a Comunismo  |9 255588 
650 0 |a Socialismo  |9 255260 
651 0 |a Inglaterra  |9 255158 
651 0 |a Alemania  |9 255688 
651 0 |a Estados Unidos  |9 255178 
583 |a last modification  |c 19961024 00:00:00  |k Rodrigo Vera 
999 |c 253261  |d 253259 
952 |0 0  |1 0  |4 0  |6 330_900000000000000_NIV_1974  |7 0  |8 A  |9 273933  |a BIBENE  |b BIBENE  |d 2019-11-19  |i 3238431  |o 330.9 NIV 1974  |p 3238431  |r 2025-01-15  |w 2019-11-19  |y BK  |k ICO